000 00480nam a2200181ui 4500
003 UkOxU
008 231221s2023 enk|||| | |||| ||eng d
020 _a9781906335649 (pbk.)
041 _aeng
245 0 0 _aSubsidence /
_cInstitution of Structural Engineers.
264 1 _aLondon :
_bIStructE Ltd,
_c2023.
336 _atext
_2rdacontent
337 _aunmediated
_2rdamedia
338 _avolume
_2rdacarrier
650 _aSUBSIDENCE
651 _aUnited Kingdom
942 _n0
999 _c121773
_d121773